Statistics for Countries that Produce the Most Wheat

Click here to take the quiz!

General Stats

  • This quiz has been taken 33 times
  • The average score is 13 of 15

Answer Stats

TonsCountry% Correct
134.3MChina
100%
85.9MRussia
100%
24.9MUkraine
100%
35.2MCanada
97%
30.1MFrance
97%
22.2MGermany
97%
49.7MUnited States
97%
107.6MIndia
94%
14.5MAustralia
90%
12.4MPoland
90%
20.5MTurkey
90%
19.8MArgentina
87%
25.2MPakistan
81%
15.0MIran
74%
14.3MKazakstan
6%

Score Distribution

Percentile by Number Answered

Percent of People with Each Score

Your Score History

You have not taken this quiz